MAASAI MARA UNIVERSITY

LIBRARY CATALOGUE

Contact Us: +254 020 2685356/7 or 0774 057787

Box: 861-20500, NAROK, KENYA

Email: info@mmarau.ac.ke

Manroe Wicander (Record no. 3634)

MARC details
000 -LEADER
fixed length control field 00366nam a2200133Ia 4500
008 - FIXED-LENGTH DATA ELEMENTS--GENERAL INFORMATION
fixed length control field 151015s9999 xx 000 0 und d
020 ## - INTERNATIONAL STANDARD BOOK NUMBER
International Standard Book Number 1.3978053849e+014
245 ## - TITLE STATEMENT
Title Manroe Wicander
250 ## - EDITION STATEMENT
Edition statement _GEOL Student Edition
300 ## - PHYSICAL DESCRIPTION
Extent U.S.A Brooks cole 2011
500 ## - GENERAL NOTE
General note Includes Index
650 ## - SUBJECT ADDED ENTRY--TOPICAL TERM
Topical term or geographic name as entry element _Introductory Geology
700 ## - ADDED ENTRY--PERSONAL NAME
Personal name ^d20120828 12:23:50^okorir

No items available.

© 2016 Maasai Mara University.